| 000 | 00996cam a22002655a 4500 | ||
|---|---|---|---|
| 001 | 013743355 | ||
| 003 | OSt | ||
| 005 | 20150827105324.0 | ||
| 008 | 060223s2006 enka fr 001 0 eng d | ||
| 020 | _a9780340809723 (pbk.) | ||
| 020 | _a0340809728 (pbk.) | ||
| 040 |
_aNLM _beng _cNLM _dEQF _dBAKER _dLVB _dYDXCP _dCGC _dCOA _dUk _dEG-ScBUE |
||
| 082 | 0 | 4 |
_a615.102461 _bILL _222 |
| 245 | 0 | 0 |
_aIllustrated pharmacology for nurses / _cTerje Simonsen ... [et al.] |
| 260 |
_aLondon : _bHodder Arnold / Hodder Education / Hodder Headline Group, _c2006. |
||
| 300 |
_aix, 470 p. : _bill. (col.) ; _c28 cm. |
||
| 500 | _aIndex : p. 447-470. | ||
| 500 | _aOriginally published in 2 volumes, in Norwegian in 1997, later translated into Danish, published in 1999, then in Swedish, published in 2001. | ||
| 650 | 7 |
_aPharmacology. _2BUEsh _912590 |
|
| 651 | _2BUEsh | ||
| 653 |
_bPPhrm _cJune2015 _cAugust2015 |
||
| 655 |
_vreading book _934232 |
||
| 700 | 1 | _aSimonsen, Terje. | |
| 942 |
_2ddc _k615.102461 ILL |
||
| 999 |
_c20064 _d20036 |
||